Costumbres, poemas y regionalismos
Guardat en:
| Autor principal: | |
|---|---|
| Format: | Llibre |
| Idioma: | espanyol |
| Publicat: |
San Salvador de Jujuy
Humahuaca
2005
|
| Edició: | 12a. ed |
| Matèries: | |
| Etiquetes: |
Afegir etiqueta
Sense etiquetes, Sigues el primer a etiquetar aquest registre!
|
MARC
| LEADER | 00000nam a2200000 a 4500 | ||
|---|---|---|---|
| 001 | UCH5006 | ||
| 003 | CL-VaPUC | ||
| 008 | 090916e20050000ag |||||||||||||||||spa|d | ||
| 020 | |a 4317340 | ||
| 082 | 0 | 4 | |a Ar861 |b RAM |2 21 |
| 100 | 0 | |a Ramos, Fortunato |e author |9 541123 | |
| 245 | 1 | 0 | |a Costumbres, poemas y regionalismos |
| 250 | |a 12a. ed | ||
| 300 | |a 103 p | ||
| 942 | |c BK | ||
| 945 | |d 20090916 00:00:00 |a rbrito | ||
| 260 | |a San Salvador de Jujuy |b Humahuaca |c 2005 | ||
| 650 | 0 | |a Poesía argentina |9 265575 | |
| 650 | 7 | |a COSTUMBRES |2 CL-VaPUC |9 337506 | |
| 650 | 7 | |a REGIONALISMOS |2 CL-VaPUC |9 541124 | |
| 583 | |a last modification |c 20150511 05:25:09 |k Rodrigo Vera | ||
| 999 | |c 336237 |d 336235 | ||
| 952 | |0 0 |1 0 |4 0 |6 AR_861_000000000000000_RAM_2005 |7 0 |8 X |9 427228 |a FDOMLP |b FDOMLP |d 2019-11-22 |i 4601378 |o Ar861 RAM 2005 |p 4601378 |r 2019-11-22 |w 2019-11-22 |y BK_X |k BU2 | ||